| 000 | 00501nam a22001457a 4500 | ||
|---|---|---|---|
| 082 | _a004 | ||
| 100 | _aMalik, Talha Arshad | ||
| 245 |
_aIdentifying Source Printers of Documents using Image Processing & Machine Learning / _cTalha Arshad Malik |
||
| 260 |
_aIslamabad : _bMCS - NUST, _c2017. |
||
| 300 |
_a62 p. ; _c30cm. |
||
| 650 |
_aComputer Software Engineering-MS-Thesis _916105 |
||
| 700 |
_aDr. Hammad Afzal _935034 |
||
| 942 |
_2ddc _cTHE |
||
| 999 |
_c540893 _d540893 |
||